| 000 | 02051nam a22002777a 4500 | ||
|---|---|---|---|
| 001 | K121160 | ||
| 008 | 160218b2019 xxu||||| |||| 00| 0 eng d | ||
| 020 | _a9781783213801 | ||
| 041 | _aeng | ||
| 100 | _aParnham, Phil | ||
| 245 |
_aHome survey standard _h[electronic resource] |
||
| 250 | _a1st | ||
| 260 |
_aLondon, _bRoyal Institution of Chartered Surveyors, _c2019 |
||
| 300 | _a32p | ||
| 520 | _aSets out mandatory requirements to which all condition-based residential survey services must confirm to and best practice outlining how the mandatory requirements should be met. Originally planned to be in force from 1 June 2020 but was put back due to the pandemic to a transition period of 1 March 2021 to 31 August 2021. Notes that some elements of the professional statement do not apply to the Home Report in Scotland but will apply to all other condition-based residential services offered by RICS professionals and regulated firms in Scotland. | ||
| 520 | _aReplaces a number of standards including: RICS HomeBuyer Report (Survey & Valuation), 5th edition, 2016 professional statement ISBN 9781783211524; RICS HomeBuyer Report (Survey), 1st edition, 2016 professional standard ISBN 9781783211517; RICS Building Survey Practice note, 1st edition, 2012 ISBN 9781842198391; There was a transition period for the new RICS home survey reports which ran from 1 March until 31 August 2021. Between these dates, both the old and new formats of the reports were acceptable. However, from 1 September 2021 the new home survey reports had to be used. | ||
| 650 | _aSurveys of residential property 3 ed | ||
| 650 | _aRICS Condition Report 1st ed | ||
| 650 | _aRICS Homebuyer Report Survey 1st ed | ||
| 650 | _aRICS Homebuyer Report Survey& Valuation 5th ed | ||
| 650 | _aRICS Building Survey 1st ed | ||
| 651 | _aUnited Kingdom | ||
| 690 |
_96270 _aSurvey reports |
||
| 856 |
_uhttps://www.rics.org/content/dam/ricsglobal/documents/standards/home_survey_standard_nov_2020.pdf _zAvailable on RICS.org |
||
| 942 | _n0 | ||
| 999 |
_c121160 _d121160 |
||